Gewindedrehplatten Halbstandard STUB ACME 29°.

Uložené v:
Podrobná bibliografia
Médium: Kniha
Jazyk:Slovak
German
French
Vydané: [2013].
Vydanie:1. vyd.
Témy:
On-line prístup:http://www.triag.com
Fyzický popis: 1 l.
Tagy: Pridať tag
Žiadne tagy, Buďte prvý kto otaguje tento záznam!

MARC

LEADER 00000nam#a22000003a#4500
001 000415321
003 SVKKK
005 20130121102339.0
008 130117s2013 xo |||| 0 slo#d
040 |a SVK  |b slo  |c SVK  |e AACR2 
041 1 # |a ger  |a fre 
044 |a sz  |c CH 
080 |a 621.992.4  |2 2001 
110 2 |a TRIAG AG Präzisionswerkzeuge  |c Aussergrütstrasse 2, CH-6319 Allenwinden, Svajčiarsko  |4 mfr 
245 1 0 |a Gewindedrehplatten Halbstandard STUB ACME 29°. 
250 |a 1. vyd. 
260 # |c [2013]. 
300 |a 1 l. 
655 7 |a firemné prospekty  |2 SNKPH 
856 4 1 |u http://www.triag.com 
910 |a svkkk 
998 |a FL 
090 |g SCKHL  |k SK42  |a 621.992.4  |j 225993  |i 225993  |4 zastaraná  |s Vyradená